Países más cercanos a Uzbekistán - un minuto sprint - Estadísticas

Estadísticas generales
  • Esta prueba ha sido intentada 35 veces
  • La puntuación promedio es 15 de 20
Estadísticas de respuestas
km país % Correcto
524 Rusia
97%
0 Kazajistán
93%
0 Afganistán
87%
329 Irán
87%
0 Kirguistán
87%
108 China
83%
617 India
83%
0 Turkmenistán
83%
330 Pakistán
80%
0 Tayikistán
80%
821 Armenia
77%
484 Azerbaiyán
77%
1039 Irak
77%
774 Georgia
73%
1517 Mongolia
70%
1466 Nepal
70%
1260 Siria
67%
964 Turquía
63%
1442 Kuwait
33%
1543 Omán
10%
No se encontraron pruebas coincidentes
Distribución de puntuación
Porcentaje de gente con cada puntuación
Porcentaje por número respondido
Historial de tus puntuaciones
No has intentado esta prueba.